000 00618nam a2200217 i 4500
001 8774
003 ES-MaACL
005 20250728221706.0
007 t|
008 920929s1990 fr ||||1| fre d
020 _a2-04-019621-8
080 _a113/119
100 1 _aHuisman, Bruno.
_964681
245 1 4 _aLes Philosophes et la nature /
_cBruno Huisman, François Ribes.
260 _aParis :
_bBordas,
_ccop. 1990.
300 _a403 p. ;
_c22 cm.
650 7 _aFilosofía de la naturaleza
_2embne
_912839
700 1 _aRibes, François.
_996806
852 _aES-MaACL
_jL-16073
_bR.119035
999 _c8774
_d8774